| 000 | 00796nam a2200253 i 4500 | ||
|---|---|---|---|
| 999 |
_c2495 _d2495 |
||
| 001 | 12415 | ||
| 003 | BD-DhUAP | ||
| 005 | 20210130100403.0 | ||
| 008 | 150602s2013 ctuab b 001 0 eng | ||
| 020 | _a0714122513 | ||
| 020 | _a9780714122519 | ||
| 040 |
_aBD-DhUAP _bEng _cBD-DhUAP _dBD-DhUAP |
||
| 082 | 0 | 0 |
_a709.38 BEL _223 |
| 100 | _aBelozerskaya, Marina. | ||
| 245 |
_aAncient Greece : _bart, architecture, and history / _cMarina Belozerskaya and Kenneth Lapatin. |
||
| 260 |
_aLondon : _bThe British Museum Press, _cc2004. |
||
| 300 |
_a144 pages : _billustrations ; _c21 cm |
||
| 504 | _aIncludes bibliographical references and index. | ||
| 650 | _aArt grec antique | ||
| 650 | _aArchitecture grecque antique. | ||
| 700 | _aLapatin, Kenneth | ||
| 942 |
_2ddc _cBK |
||